000 00702cam a2200205 i 4500
005 20251125111541.0
008 250721s2020 jo gr 000 0 ara d
020 _a9789923230374
082 1 4 _a211.6
_bز ع ب
100 1 _aالزعبي، زهير موسى
_eمؤلف.
245 1 0 _aصورة الجنة في القرآن الكريم /
_cأ. زهير موسى الزعبي.
250 _aالطبعة الأولى.
264 3 1 _aعمان :
_bدار الخليج للنشر و التوزيع،
_c2020.
300 _a212 صفحة.
650 1 7 _aالقران الكريم.
650 1 7 _aالجنة.
650 1 7 _aاعجاز القران.
942 _2ddc
_cBK
999 _c140989
_d140989